000
00280nam a2200097Ia 4500
008
240331s9999 xx 000 0 und d
082
_b
GUP
100
_a
Gupta, J.A
245
0
_a
New freedoms, new dependencies :
_b
new reproductive technologies, women's health and autonomy
942
_c
L
999
_c
1492
_d
1492